000 01884nam a22002777a 4500
005 20180118121810.0
010 _aB-685446 B-664487
020 _c150.00
_a8172017057
035 _aB-685446
035 _aB-664487
035 _aHN-74251
037 _bनॉर्थ इंडिया पब्लिशर्स
_aDBAD/PUB
082 _a
100 _aक़ुर्रतुलऐन हैदर
245 _aपतझर की आवाज़ /
_cक़ुर्रतुलऐन हैदर; मासदा असद द्वारा उर्दू से हिन्दी में अनुदित
246 _aPatjhar ki aawaz
_bby Qurratulain Hyder
260 _aनई दिल्ली
_bसाहित्य अकादेमी
_c2012(पु.मु.)
270 _aरवीन्द्र भवन, 35, फीरोजशाह मार्ग,
_bनई दिल्ली
_e110001
300 _a244पृ.
_c22सेमी(सजिल्द)
500 _aसाहित्य अकादेमी द्वारा पुरस्कृत उर्दू कहानी संग्रह
505 _aराष्ट्रपति भवन
700 _924028
_aमासदा असद
942 _cHN
_2ddc
_h
_mक़ुर्रतु
999 _c148501
_d148501